All Main Spider-Man Movie Villains - Statistics

General Stats
  • This quiz has been taken 127 times
  • The average score is 10 of 11
Answer Stats
Picture Answer % Correct
Venom
100%
Green Goblin
99%
Green Goblin
99%
Sandman
97%
Doctor Octopus
93%
Electro
92%
Mysterio
90%
Kingpin
88%
The Vulture
88%
The Lizard
87%
Spot
72%
No matching quizzes found
Score Distribution
Percent of People with Each Score
Percentile by Number Answered
Your Score History
You have not taken this quiz